Alle Länder mit Atomwaffen - Statistiken

Allgemein
  • Dieses Quiz wurde 224 mal gespielt
  • Das Durchschnittsergebnis liegt bei 8 aus 9
Antwortstatistiken
Hint Antwort % Korrekt
5580 Atomwaffen Russland
99%
5044 Atomwaffen USA
99%
500 Atomwaffen China
96%
290 Atomwaffen Frankreich
95%
50 Atomwaffen Nordkorea
91%
172 Atomwaffen Indien
88%
225 Atomwaffen Vereinigtes Königreich
86%
170 Atomwaffen Pakistan
77%
90 Atomwaffen Israel
74%
Keine übereinstimmenden Quizze gefunden
Verteilung der Resultate
Anzahl Personen mit jedem Resultat
Perzentil nach korrekt beantworteten Fragen
Ihre Resultats-Entwicklung
Sie haben dieses Quiz noch nicht gespielt